The art of linear electronics / (Record no. 1979)

MARC details
000 -LEADER
fixed length control field 00725nac a22002051u 4500
010 ## - LIBRARY OF CONGRESS CONTROL NUMBER
LC control number 98178408
020 ## - INTERNATIONAL STANDARD BOOK NUMBER
International Standard Book Number 0750637463
082 00 - DEWEY DECIMAL CLASSIFICATION NUMBER
Classification number 621.3815
Item number H776
090 ## - LOCALLY ASSIGNED LC-TYPE CALL NUMBER (OCLC); LOCAL CALL NUMBER (OCLC)
-- 1979
-- 1979
100 ## - MAIN ENTRY--PERSONAL NAME
Personal name Hood, John Linsley.
245 14 - TITLE STATEMENT
Title The art of linear electronics /
Statement of responsibility, etc John Linsley Hood.
250 ## - EDITION STATEMENT
Edition statement 2nd ed.
260 ## - PUBLICATION, DISTRIBUTION, ETC. (IMPRINT)
Place of publication, distribution, etc Oxford [England] ;
-- Boston :
Name of publisher, distributor, etc Newnes,
Date of publication, distribution, etc c1998.
300 ## - PHYSICAL DESCRIPTION
Extent xi, 348 p. :
Other physical details ill. ;
Dimensions 25 cm.
500 ## - GENERAL NOTE
General note Includes index.
650 #0 - SUBJECT ADDED ENTRY--TOPICAL TERM
Topical term or geographic name as entry element Linear integrated circuits
General subdivision Design.
650 #0 - SUBJECT ADDED ENTRY--TOPICAL TERM
Topical term or geographic name as entry element Electronic circuit design.
942 ## - ADDED ENTRY ELEMENTS (KOHA)
Item type Book - Borrowing
Call number prefix 621.3815
Holdings
Withdrawn status Item status Damaged status Not for loan Home library Current library Shelving location Date acquired Source of acquisition Total Checkouts Full call number Barcode Date last seen Cost, replacement price Koha item type
        Central Library Central Library First floor 06/02/2007 Purchase   621.3815 HOO 000002308 15/07/2025 161.00 Book - Borrowing